Microcomputers in criminal justice: current issues & applications

Guardado en:  
Detalles Bibliográficos
Otros Autores: Waldron, Joseph (Otro)
Tipo de documento: Print Libro
Lenguaje:Lengua no determinada
Publicado: Cincinnati, Ohio Anderson 1987
En:Año: 1987
Disponibilidad en Tübingen:Disponible en Tübingen.
UB: KB 8 E 1220
Verificar disponibilidad: HBZ Gateway
Servicio de pedido Subito: Pedir ahora.
Palabras clave:

MARC

LEADER 00000cam a2200000 c 4500
001 1630792756
003 DE-627
005 20251225203843.0
007 tu
008 880114s1987 xx ||||| 00| ||und c
020 |a 0932930743  |9 0-932930-74-3 
035 |a (DE-627)1630792756 
035 |a (DE-576)01356630X 
035 |a (DE-599)BSZ01356630X 
035 |a (OCoLC)16130477 
035 |a (DE-604)806563604x 
040 |a DE-627  |b ger  |c DE-627  |e rakwb 
082 0 |a 364/.028/5416 
245 0 0 |a Microcomputers in criminal justice  |b current issues & applications  |c Joseph Waldron ... 
264 1 |a Cincinnati, Ohio  |b Anderson  |c 1987 
300 |a VI, 142 S. 
336 |a Text  |b txt  |2 rdacontent 
337 |a ohne Hilfsmittel zu benutzen  |b n  |2 rdamedia 
338 |a Band  |b nc  |2 rdacarrier 
490 0 |a CJ, criminal justice studies 
583 1 |a Archivierung prüfen  |c 20200919  |f DE-640  |z 2  |2 pdager 
655 7 |a Aufsatzsammlung  |0 (DE-588)4143413-4  |0 (DE-627)105605727  |0 (DE-576)209726091  |2 gnd-content 
689 0 0 |d s  |0 (DE-588)4033197-0  |0 (DE-627)106258532  |0 (DE-576)209000562  |a Kriminologie  |2 gnd 
689 0 1 |d s  |0 (DE-588)4039206-5  |0 (DE-627)10622882X  |0 (DE-576)209034068  |a Mikrocomputer  |2 gnd 
689 0 |5 (DE-627) 
700 1 |a Waldron, Joseph  |e Mitarb.  |0 (DE-627)1233462520  |0 (DE-576)163462526  |4 oth 
951 |a BO 
ELC |b 1 
LOK |0 000 xxxxxcx a22 zn 4500 
LOK |0 001 328072063X 
LOK |0 003 DE-627 
LOK |0 004 1630792756 
LOK |0 005 19880114000000 
LOK |0 008 880114||||||||||||||||ger||||||| 
LOK |0 040   |a DE-21  |c DE-627  |d DE-21 
LOK |0 852   |a DE-21 
LOK |0 852 1  |c KB 8 E 1220  |9 00 
LOK |0 935   |a krim 
LOK |0 939   |a 14-01-88  |b l01 
ORI |a SA-MARC-krimdoka001.raw 
SIG |a UB: KB 8 E 1220